[Event "Erlanger BSGW-Open 2012 30rd"]
[Site "Erlangen/Eltersd.(30.3.-1.4)"]
[Date "2012.03.31"]
[Round "2.17"]
[White "Schulz, Wilfried(48)"]
[Black "Hagenbach, Udo"]
[Result "1-0"]
[WhiteElo "1859"]
[BlackElo "1906"]
[PlyCount "118"]
[EventDate "2012.04.??"]
[EventType "swiss"]
[EventRounds "5"]
[EventCountry "GER"]
[WhiteTeam "Schwanstetten SK"]
[BlackTeam "Bergwinkel SV"]

1. e4 c6 2. d3 e5 3. g3 g6 4. Bg2 Bg7 5. Nc3 d6 6. Nge2 Ne7 7. O-O O-O 8. f4
Be6 9. Kh1 Qc8 10. Qe1 Bh3 11. Qf2 Bxg2+ 12. Qxg2 f5 13. fxe5 dxe5 14. Bg5 Qe6
15. Qh3 Bf6 16. exf5 gxf5 17. Ne4 Bxg5 18. Nxg5 Qg6 19. Nf3 Nd7 20. Rae1 Nd5
21. Neg1 Rae8 22. Nh4 Qg5 23. Rxf5 Rxf5 24. Qxf5 Qxf5 25. Nxf5 Rf8 26. Nh6+ Kg7
27. Ng4 Rf5 28. Kg2 h5 29. Ne3 Rf8 30. Nf3 Re8 31. a3 b6 32. Nc4 Kf6 33. Nd6
Rg8 34. Ne4+ Ke6 35. Nfg5+ Kf5 36. h4 N5f6 37. Nd6+ Kg6 38. Nc4 Ng4 39. Nf3 Re8
40. Ne3 Ngf6 41. Nc4 Ng4 42. Re2 b5 43. Nd6 Rf8 44. d4 exd4 45. Nxd4 Nde5 46.
Ne6 Rf6 47. Nf4+ Kh6 48. Ne4 Rf8 49. b3 Rd8 50. Nc5 Rd6 51. Ncd3 Nxd3 52. Nxd3
a5 53. Kf3 Nf6 54. Kg2 Kg6 55. Re5 Kh6 56. Kf3 Kg6 57. Rc5 Kh6 58. Nf4 Nd5 59.
Nxd5 Rxd5 1-0

[Event "Erlanger BSGW-Open 2012 30rd"]
[Site "Erlangen/Eltersd.(30.3.-1.4)"]
[Date "2012.03.31"]
[Round "2.18"]
[White "Adelhütte, Dennis"]
[Black "Myagkov, Kirill"]
[Result "1-0"]
[WhiteElo "1936"]
[BlackElo "1726"]
[PlyCount "57"]
[EventDate "2012.04.??"]
[EventType "swiss"]
[EventRounds "5"]
[EventCountry "GER"]
[WhiteTeam "Erlangen 48/88 SC"]
[BlackTeam "Nürnberg Noris-Tarr. SC"]

1. e4 c6 2. Nc3 d5 3. Nf3 Bg4 4. exd5 cxd5 5. d4 Nf6 6. Be2 e6 7. Bf4 Nc6 8.
O-O Bd6 9. Bg3 Bxg3 10. fxg3 Qb6 11. Na4 Qb4 12. c3 Qd6 13. Nc5 b6 14. Nd3 h5
15. Nfe5 Bf5 16. Nxc6 Bxd3 17. Bxd3 Qxc6 18. a4 a6 19. Qe2 Qb7 20. Rae1 O-O 21.
Rf4 Rfb8 22. Ref1 b5 23. axb5 axb5 24. Bb1 b4 25. Qe3 bxc3 26. bxc3 Ra1 27.
Bh7+ Kxh7 28. Rxa1 Qb2 29. Qc1 1-0

[Event "Erlanger BSGW-Open 2012 30rd"]
[Site "Erlangen/Eltersd.(30.3.-1.4)"]
[Date "2012.03.31"]
[Round "2.19"]
[White "Lottring, Dieter"]
[Black "Noble, Alexander"]
[Result "0-1"]
[WhiteElo "1629"]
[BlackElo "1902"]
[PlyCount "100"]
[EventDate "2012.04.??"]
[EventType "swiss"]
[EventRounds "5"]
[EventCountry "GER"]
[WhiteTeam "Schwabach SK"]
[BlackTeam "Bad Nauheim SC"]

1. d4 d6 2. c4 e5 3. e3 Nc6 4. g3 g6 5. d5 Nce7 6. b3 Bg7 7. Bb2 f5 8. Ne2 Nf6
9. Bg2 O-O 10. O-O g5 11. f3 Ng6 12. e4 f4 13. gxf4 gxf4 14. Kh1 Nh4 15. Ng1
Qe8 16. Qe2 Qh5 17. Bc3 Nxg2 18. Qxg2 Kh8 19. Be1 Bh6 20. Qf2 Rg8 21. Qh4 Qg6
22. Qf2 Bd7 23. Nc3 a6 24. Rc1 b6 25. Rc2 Rg7 26. Nge2 Rag8 27. Rg1 Qh5 28.
Rxg7 Rxg7 29. Ng1 Qg6 30. Qf1 Bc8 31. Rg2 Qh5 32. Rxg7 Kxg7 33. Qf2 Bg5 34. Qg2
Kf7 35. Nd1 Bh4 36. Bxh4 Qxh4 37. Nf2 Nh5 38. Ne2 Bd7 39. Kg1 Nf6 40. Nc3 h6
41. Kf1 Nh7 42. Ne2 Ng5 43. Ng1 Qh5 44. Ke2 Ke7 45. Kd3 Kd8 46. Ke2 Kc8 47. h3
Kb7 48. Ng4 Bc8 49. Kd2 Qg6 50. Nf2 Nxe4+ 0-1

[Event "Erlanger BSGW-Open 2012 30rd"]
[Site "Erlangen/Eltersd.(30.3.-1.4)"]
[Date "2012.03.31"]
[Round "2.20"]
[White "Krauss, Josef"]
[Black "Schloetterer, Hermann"]
[Result "1-0"]
[WhiteElo "2079"]
[BlackElo "1773"]
[PlyCount "55"]
[EventDate "2012.04.??"]
[EventType "swiss"]
[EventRounds "5"]
[EventCountry "GER"]
[WhiteTeam "Würzburg SV"]
[BlackTeam "Nürnberg Noris-Tarr. SC"]

1. e4 c5 2. c3 d5 3. exd5 Qxd5 4. d4 Nf6 5. Nf3 e6 6. Na3 a6 7. Nc4 Qd8 8. Be3
cxd4 9. Bxd4 Nbd7 10. Nfe5 Qc7 11. Be2 Nd5 12. O-O N7f6 13. a4 b6 14. a5 Bc5
15. axb6 Nxb6 16. Nxb6 Qxb6 17. Nc4 Qc7 18. Bxc5 Qxc5 19. Nd6+ Ke7 20. Nxc8+
Qxc8 21. Qa4 Rd8 22. Bxa6 Qc7 23. Qb4+ Ke8 24. Bb5+ Nd7 25. Rxa8 Rxa8 26. Rd1
Rd8 27. Bxd7+ Rxd7 28. Qb5 1-0

[Event "Erlanger BSGW-Open 2012 30rd"]
[Site "Erlangen/Eltersd.(30.3.-1.4)"]
[Date "2012.03.31"]
[Round "2.21"]
[White "Eber, Fabian(87)"]
[Black "Nahlik, Bernhard Dr"]
[Result "1-0"]
[WhiteElo "2047"]
[BlackElo "1699"]
[PlyCount "111"]
[EventDate "2012.04.??"]
[EventType "swiss"]
[EventRounds "5"]
[EventCountry "GER"]
[WhiteTeam "Wilhermsdorf SF"]
[BlackTeam "Ansbach SC"]

1. e4 c6 2. d4 d5 3. exd5 cxd5 4. c3 Nf6 5. Nf3 Nc6 6. Bg5 e6 7. Bd3 Be7 8.
Nbd2 Bd7 9. Ne5 Nxe5 10. dxe5 Ng8 11. Be3 Qc7 12. f4 Bc5 13. Qf3 Ne7 14. Nb3
Bxe3 15. Qxe3 Nc6 16. O-O Na5 17. Nxa5 Qxa5 18. f5 O-O-O 19. a4 Qb6 20. Qxb6
axb6 21. f6 g6 22. a5 bxa5 23. Rxa5 Kc7 24. Rfa1 Rb8 25. Ra7 Rhc8 26. Kf2 Kb6
27. Ke3 Bb5 28. Bxb5 Kxb5 29. R7a5+ Kb6 30. R5a4 Rc6 31. Rh4 h5 32. Raa4 Rbc8
33. Rab4+ Kc7 34. Kf4 Rc4+ 35. Rxc4+ dxc4 36. Kg5 b5 37. Rd4 Rh8 38. h4 Kc6 39.
Rd6+ Kc7 40. g3 Rh7 41. Ra6 Kb7 42. Ra5 Kc6 43. Ra8 Kd5 44. Kf4 g5+ 45. hxg5 h4
46. Rd8+ Kc6 47. g6 fxg6 48. gxh4 Rxh4+ 49. Kg5 Rh5+ 50. Kxg6 Rxe5 51. f7 Rf5
52. f8=Q Rxf8 53. Rxf8 b4 54. cxb4 Kb5 55. Rf3 Kxb4 56. Kf6 1-0

[Event "Erlanger BSGW-Open 2012 30rd"]
[Site "Erlangen/Eltersd.(30.3.-1.4)"]
[Date "2012.03.31"]
[Round "2.22"]
[White "Wittmann, Helmut"]
[Black "Kraus, Sebastian(95)"]
[Result "1-0"]
[WhiteElo "2022"]
[BlackElo "1395"]
[PlyCount "63"]
[EventDate "2012.04.??"]
[EventType "swiss"]
[EventRounds "5"]
[EventCountry "GER"]
[WhiteTeam "Erlangen BSGW"]
[BlackTeam "Puschendorf SV"]

1. d4 Nf6 2. Nf3 g6 3. c4 d5 4. cxd5 Nxd5 5. e4 Nb6 6. Bb5+ Bd7 7. Be2 Bg7 8.
h3 O-O 9. Nc3 Nc6 10. O-O e5 11. Bg5 f6 12. Be3 exd4 13. Nxd4 f5 14. exf5 Bxf5
15. Qb3+ Kh8 16. Nxf5 gxf5 17. Rad1 Qe8 18. Rfe1 f4 19. Bc5 Rf5 20. Bf3 Re5 21.
Rxe5 Qxe5 22. Bxc6 Qxc5 23. Bxb7 Re8 24. Ne4 Qc4 25. Qxc4 Nxc4 26. Rd7 Be5 27.
Ng5 Nxb2 28. Rxh7+ Kg8 29. Bd5+ Kf8 30. Rf7+ Kg8 31. Rxc7+ Kf8 32. Nh7# 1-0

[Event "Erlanger BSGW-Open 2012 30rd"]
[Site "Erlangen/Eltersd.(30.3.-1.4)"]
[Date "2012.03.31"]
[Round "2.23"]
[White "Czikuss, Hans-Joachim"]
[Black "Ulusoy, Tolga"]
[Result "1/2-1/2"]
[WhiteElo "1875"]
[BlackElo "1966"]
[PlyCount "70"]
[EventDate "2012.04.??"]
[EventType "swiss"]
[EventRounds "5"]
[EventCountry "GER"]
[WhiteTeam "Frankfurt 1921 Sfr."]
[BlackTeam "Nürnberg Noris-Tarr. SC"]

1. c4 e5 2. g3 Nf6 3. Bg2 d5 4. cxd5 Nxd5 5. Nc3 Nb6 6. Nf3 Nc6 7. O-O Be7 8.
a3 O-O 9. b4 Be6 10. d3 f6 11. Be3 Nd5 12. Nxd5 Bxd5 13. Rc1 Nd4 14. Bxd4 exd4
15. e4 dxe3 16. fxe3 a5 17. e4 Bf7 18. Qd2 axb4 19. axb4 c6 20. Rb1 Ra4 21. b5
Qb6+ 22. Qf2 Bc5 23. d4 Bxd4 24. Nxd4 Qxd4 25. bxc6 bxc6 26. Qxd4 Rxd4 27. Rfc1
Rc8 28. Bh3 Re8 29. Rxc6 Rdxe4 30. Bg2 Re2 31. Rc7 g5 32. Rf1 Kg7 33. Bf3 R2e7
34. Rfc1 Kg6 35. Rxe7 Rxe7 1/2-1/2

[Event "Erlanger BSGW-Open 2012 30rd"]
[Site "Erlangen/Eltersd.(30.3.-1.4)"]
[Date "2012.03.31"]
[Round "3.1"]
[White "Niedermeier, Thomas(90)"]
[Black "Lais, Thomas"]
[Result "1-0"]
[WhiteElo "2096"]
[BlackElo "1950"]
[PlyCount "69"]
[EventDate "2012.04.??"]
[EventType "swiss"]
[EventRounds "5"]
[EventCountry "GER"]
[WhiteTeam "Ilmmünster SV"]
[BlackTeam "Nürnberg Süd SW"]

1. e4 c5 2. Nf3 d6 3. d4 cxd4 4. Nxd4 Nf6 5. Nc3 a6 6. Be3 e5 7. Nb3 Be7 8. f3
O-O 9. Qd2 Be6 10. O-O-O b5 11. Nd5 Bxd5 12. exd5 Qc7 13. Kb1 Rc8 14. Rc1 Nbd7
15. c4 b4 16. Qxb4 a5 17. Qd2 a4 18. Na1 Nc5 19. Nc2 a3 20. Nxa3 Qb7 21. Bxc5
Rxc5 22. Nb5 e4 23. f4 Qa6 24. a3 Nd7 25. Be2 Bf6 26. g4 g6 27. h4 Nb6 28. h5
Na4 29. b4 Rxb5 30. cxb5 Qa7 31. Rh3 Nb2 32. g5 Bg7 33. h6 Bh8 34. Rhc3 Na4 35.
Rc8+ 1-0

[Event "Erlanger BSGW-Open 2012 30rd"]
[Site "Erlangen/Eltersd.(30.3.-1.4)"]
[Date "2012.03.31"]
[Round "3.2"]
[White "Walter, Florian(93)"]
[Black "Bielmeier, Ludwig"]
[Result "0-1"]
[WhiteElo "2076"]
[BlackElo "2014"]
[PlyCount "112"]
[EventDate "2012.04.??"]
[EventType "swiss"]
[EventRounds "5"]
[EventCountry "GER"]
[WhiteTeam "Lauf/P. SV"]
[BlackTeam "Deggendorf SV"]

1. c4 Nf6 2. g3 d6 3. Bg2 c6 4. Nf3 Nbd7 5. O-O e5 6. Nc3 Be7 7. d3 O-O 8. Rb1
a5 9. a3 Ne8 10. b4 axb4 11. axb4 f5 12. b5 Qc7 13. Nd2 Ndf6 14. bxc6 bxc6 15.
Qb3 Kh8 16. e3 Bd7 17. Ba3 g6 18. Nf3 Be6 19. Rfc1 Nd7 20. Nd5 Bxd5 21. cxd5 c5
22. Nd2 Nef6 23. d4 Qa7 24. Bb2 Rfb8 25. Qc2 cxd4 26. exd4 e4 27. Ra1 Qb7 28.
Rxa8 Qxa8 29. f3 Qa2 30. Nc4 Rc8 31. Bf1 Qa8 32. fxe4 fxe4 33. Qd2 Qxd5 34. Ba3
Ra8 35. Bb4 Ng4 36. Be2 Bg5 37. Qc3 Bxc1 38. Bxg4 Rc8 39. Nb6 Nxb6 40. Bxc8 Bg5
41. Ba5 Nc4 42. Be6 Qxe6 43. d5+ Qf6 44. Qxc4 Be3+ 45. Kg2 Qf3+ 46. Kh3 Qf5+
47. Kg2 Bc5 48. Qb3 Bd4 49. Qb8+ Kg7 50. Qc7+ Qf7 51. Qc4 Qf2+ 52. Kh3 h5 53.
Bd8 Kh6 54. Be7 g5 55. Qc1 Be3 56. Qh1 Qf5+ 0-1

[Event "Erlanger BSGW-Open 2012 30rd"]
[Site "Erlangen/Eltersd.(30.3.-1.4)"]
[Date "2012.03.31"]
[Round "3.3"]
[White "Ammon, Tobias"]
[Black "Knoblauch, Leonhard"]
[Result "0-1"]
[WhiteElo "1976"]
[BlackElo "2116"]
[PlyCount "38"]
[EventDate "2012.04.??"]
[EventType "swiss"]
[EventRounds "5"]
[EventCountry "GER"]
[WhiteTeam "Altensittenbach SV"]
[BlackTeam "Ilmmünster SV"]

1. e4 c5 2. c3 Nf6 3. e5 Nd5 4. d4 cxd4 5. Nf3 e6 6. cxd4 Nc6 7. Nc3 Nxc3 8.
bxc3 d6 9. Bf4 dxe5 10. Nxe5 Nxe5 11. Bxe5 Qa5 12. Qb3 Bd7 13. Rb1 Rc8 14. Kd2
a6 15. Bd3 Bc6 16. f3 Bd5 17. Qc2 b5 18. Rb3 Bxb3 19. Qxb3 Rxc3 0-1

[Event "Erlanger BSGW-Open 2012 30rd"]
[Site "Erlangen/Eltersd.(30.3.-1.4)"]
[Date "2012.03.31"]
[Round "3.4"]
[White "Seeger, Peter"]
[Black "Kociurzynski, Andre"]
[Result "1/2-1/2"]
[WhiteElo "2040"]
[BlackElo "1949"]
[PlyCount "45"]
[EventDate "2012.04.??"]
[EventType "swiss"]
[EventRounds "5"]
[EventCountry "GER"]
[WhiteTeam "Nürnberg Noris-Tarr. SC"]
[BlackTeam "Fürth 1951 SF"]

1. d4 d5 2. c4 c6 3. Nf3 Nf6 4. e3 e6 5. b3 Nbd7 6. Bd3 Bd6 7. Bb2 O-O 8. O-O
Ne4 9. Nbd2 f5 10. Rc1 Qf6 11. Ne1 Qh6 12. Ndf3 f4 13. exf4 Bxf4 14. Rc2 Ndf6
15. g3 Bd6 16. Ne5 c5 17. Kg2 cxd4 18. Bxd4 b6 19. f3 Nc5 20. Be2 Bb7 21. Kg1
a5 22. N1d3 Nxd3 23. Qxd3 1/2-1/2

[Event "Erlanger BSGW-Open 2012 30rd"]
[Site "Erlangen/Eltersd.(30.3.-1.4)"]
[Date "2012.03.31"]
[Round "3.5"]
[White "Thier, Juergen(74)"]
[Black "Adelhütte, Dennis"]
[Result "1/2-1/2"]
[WhiteElo "2026"]
[BlackElo "1936"]
[PlyCount "97"]
[EventDate "2012.04.??"]
[EventType "swiss"]
[EventRounds "5"]
[EventCountry "GER"]
[WhiteTeam "Heidelberg SF"]
[BlackTeam "Erlangen 48/88 SC"]

1. Nf3 Nf6 2. c4 e6 3. g3 d5 4. Bg2 c5 5. O-O Nc6 6. cxd5 exd5 7. d4 h6 8. Nc3
Be6 9. b3 Rc8 10. Bb2 Be7 11. dxc5 Bxc5 12. Na4 Be7 13. Nd4 Nxd4 14. Bxd4 b6
15. Rc1 Rxc1 16. Qxc1 O-O 17. Rd1 Qd7 18. Nc3 Rc8 19. Qa1 Qb7 20. Be5 b5 21. e3
b4 22. Ne2 Bg4 23. f3 Be6 24. Nd4 Qb6 25. Rc1 Rxc1+ 26. Qxc1 Nd7 27. Bc7 Qa6
28. Qc2 Bc5 29. Bf1 Qb7 30. Ba5 Qc8 31. Bxb4 a5 32. Bxc5 Nxc5 33. Nxe6 fxe6 34.
a3 Qf8 35. Kg2 Nd7 36. Qc6 Qf7 37. Qa8+ Kh7 38. Qxa5 Qf5 39. Qc3 e5 40. e4 dxe4
41. fxe4 Qxe4+ 42. Qf3 Qc2+ 43. Kh3 Kh8 44. b4 Nf6 45. Bd3 Qc8+ 46. Qf5 Qe8 47.
b5 e4 48. Bc2 Nh5 49. b6 1/2-1/2

[Event "Erlanger BSGW-Open 2012 30rd"]
[Site "Erlangen/Eltersd.(30.3.-1.4)"]
[Date "2012.03.31"]
[Round "3.6"]
[White "Minor, Viatcheslav"]
[Black "Mehringer, Joerg"]
[Result "1-0"]
[WhiteElo "1983"]
[BlackElo "1867"]
[PlyCount "125"]
[EventDate "2012.04.??"]
[EventType "swiss"]
[EventRounds "5"]
[EventCountry "GER"]
[WhiteTeam "Eisenach SV"]
[BlackTeam "Berlin Weisse Dame SC"]

1. e4 e5 2. Bc4 Nf6 3. d3 h6 4. Nf3 Nc6 5. c3 Be7 6. Nbd2 d5 7. Bb3 dxe4 8.
dxe4 O-O 9. h3 Bc5 10. O-O Qe7 11. Qe2 Nh5 12. Nc4 Ng3 13. Qc2 Nxf1 14. Kxf1 b5
15. Ne3 Bxe3 16. Bxe3 Na5 17. Qd3 Nxb3 18. axb3 a6 19. Qd5 Be6 20. Qxe5 Rfe8
21. Qg3 Qd6 22. Qxd6 cxd6 23. Nd4 f6 24. Bf4 d5 25. Nxe6 Rxe6 26. exd5 Re4 27.
Bc7 Kf7 28. Rd1 Re7 29. d6 Rd7 30. c4 bxc4 31. bxc4 Rc8 32. Ra1 Rcxc7 33. dxc7
Rxc7 34. b3 Rc6 35. Ke2 Ke6 36. Kd3 Kd6 37. Kd4 Kd7 38. c5 Re6 39. Ra2 g6 40.
f3 -- 41. g3 h5 42. f4 f5 43. Kd5 Rf6 44. b4 Rc6 45. Re2 Rf6 46. Re3 g5 47.
fxg5 f4 48. Rf3 Rf5+ 49. Ke4 Rxg5 50. gxf4 Rg6 51. f5 Rg1 52. Rd3+ Ke7 53. Rd4
Rh1 54. f6+ Kxf6 55. Rd6+ Ke7 56. Rxa6 Rxh3 57. Kd5 Rd3+ 58. Kc6 Rd1 59. Ra7+
Kf6 60. b5 h4 61. Rh7 Rd4 62. b6 Kg6 63. b7 1-0

[Event "Erlanger BSGW-Open 2012 30rd"]
[Site "Erlangen/Eltersd.(30.3.-1.4)"]
[Date "2012.03.31"]
[Round "3.7"]
[White "Noble, Alexander"]
[Black "Stadler, Alex"]
[Result "0-1"]
[WhiteElo "1902"]
[BlackElo "2029"]
[PlyCount "102"]
[EventDate "2012.04.??"]
[EventType "swiss"]
[EventRounds "5"]
[EventCountry "GER"]
[WhiteTeam "Bad Nauheim SC"]
[BlackTeam "Deggendorf SV"]

1. f4 Nf6 2. Nf3 d5 3. e3 c5 4. b3 Nc6 5. Bb5 Bd7 6. Bb2 e6 7. O-O Be7 8. Qe2
O-O 9. Ne5 Nxe5 10. fxe5 Bxb5 11. Qxb5 Qd7 12. Qe2 Ne8 13. d3 f6 14. Nd2 fxe5
15. Bxe5 Bf6 16. Nf3 Qe7 17. Rad1 Nd6 18. e4 Bxe5 19. Nxe5 Nb5 20. Rxf8+ Rxf8
21. Qe1 Qf6 22. Ng4 Qd4+ 23. Qe3 Qxe3+ 24. Nxe3 Nc3 25. Re1 d4 26. Nc4 Nxa2 27.
Ne5 Nb4 28. Ra1 a6 29. Nd7 Rc8 30. Ra5 b5 31. Ra1 Kf7 32. Rc1 Ke7 33. Ne5 Rf8
34. Nf3 a5 35. Re1 a4 36. bxa4 bxa4 37. Kf2 Na2 38. Ra1 Nc3 39. Ke1 Ra8 40. Nd2
Rb8 41. Rc1 a3 42. Nb3 a2 43. Ra1 Kd6 44. Kd2 Rf8 45. Ke1 Kc6 46. Nc1 Ra8 47.
Ne2 Nxe2 48. Kxe2 Kb5 49. Kd2 Kb4 50. c3+ Kb3 51. cxd4 cxd4 0-1

[Event "Erlanger BSGW-Open 2012 30rd"]
[Site "Erlangen/Eltersd.(30.3.-1.4)"]
[Date "2012.03.31"]
[Round "3.8"]
[White "Krauss, Josef"]
[Black "Schulz, Wilfried(48)"]
[Result "1-0"]
[WhiteElo "2079"]
[BlackElo "1859"]
[PlyCount "89"]
[EventDate "2012.04.??"]
[EventType "swiss"]
[EventRounds "5"]
[EventCountry "GER"]
[WhiteTeam "Würzburg SV"]
[BlackTeam "Schwanstetten SK"]

1. e4 d5 2. exd5 Qxd5 3. Nc3 Qa5 4. d4 c6 5. Bc4 Nf6 6. Nf3 Bg4 7. h3 Bh5 8.
Bd2 Nbd7 9. Qe2 Qc7 10. g4 Bg6 11. Ne5 e6 12. h4 Nxe5 13. dxe5 Nd7 14. h5 Bxc2
15. Rc1 b5 16. Rxc2 bxc4 17. f4 Nb6 18. b3 Bb4 19. Ne4 Be7 20. bxc4 c5 21. Be3
Qc6 22. Bf2 O-O-O 23. Rh3 Rd7 24. Rd3 Rhd8 25. Rcd2 Rxd3 26. Rxd3 Rxd3 27. Qxd3
Kc7 28. a3 Qd7 29. Qc3 Qc6 30. Qd3 Qd7 31. Ke2 Qxd3+ 32. Kxd3 Kc6 33. Nd2 Na4
34. Kc2 Nb6 35. Kb3 Nd7 36. Ne4 Nb6 37. Bg3 Nd7 38. Kc3 Nb6 39. Be1 Nd7 40. Bg3
Nb6 41. f5 Nd7 42. Kd3 h6 43. Bf4 Bf8 44. f6 gxf6 45. exf6 1-0

[Event "Erlanger BSGW-Open 2012 30rd"]
[Site "Erlangen/Eltersd.(30.3.-1.4)"]
[Date "2012.03.31"]
[Round "3.9"]
[White "Eber, Fabian(87)"]
[Black "Pikal, Alexander"]
[Result "1-0"]
[WhiteElo "2047"]
[BlackElo "1904"]
[PlyCount "117"]
[EventDate "2012.04.??"]
[EventType "swiss"]
[EventRounds "5"]
[EventCountry "GER"]
[WhiteTeam "Wilhermsdorf SF"]
[BlackTeam "Ansbach SC"]

1. e4 d6 2. d4 g6 3. c4 Bg7 4. Nc3 Nc6 5. Be3 e5 6. d5 Nce7 7. Bd3 f5 8. f3 Nf6
9. Qd2 fxe4 10. Nxe4 Nf5 11. Bg5 h6 12. Nxf6+ Bxf6 13. Bxf6 Qxf6 14. Kd1 Bd7
15. Ne2 g5 16. Nc3 Nd4 17. Ne4 Qf4 18. h4 Ke7 19. hxg5 hxg5 20. Nxg5 Qxd2+ 21.
Kxd2 Rag8 22. f4 exf4 23. Rae1+ Kf6 24. Nh7+ Kf7 25. Rh4 Rg4 26. Rxg4 Bxg4 27.
Re4 Rxh7 28. Rxf4+ Bf5 29. Bxf5 Nxf5 30. Rxf5+ Ke7 31. Ke3 Rh1 32. Rf2 Rc1 33.
b3 a6 34. Ke4 b5 35. cxb5 axb5 36. Kd3 Rd1+ 37. Rd2 Rg1 38. Kc3 Kd7 39. Kb4 c6
40. dxc6+ Kxc6 41. Ka5 Kc5 42. b4+ Kc4 43. Rxd6 Rxg2 44. Rc6+ Kd5 45. Rc5+ Kd6
46. Kxb5 Rxa2 47. Rh5 Kc7 48. Rh7+ Kc8 49. Kb6 Ra4 50. b5 Ra1 51. Rh8+ Kd7 52.
Kb7 Ra2 53. Rh1 Rd2 54. Rc1 Rd3 55. b6 Rd2 56. Kb8 Rd3 57. Rc7+ Ke8 58. Ra7 Rb3
59. b7 1-0

[Event "Erlanger BSGW-Open 2012 30rd"]
[Site "Erlangen/Eltersd.(30.3.-1.4)"]
[Date "2012.03.31"]
[Round "3.10"]
[White "Boss, Rolf"]
[Black "Braun, Michael(01.90)"]
[Result "1-0"]
[WhiteElo "2063"]
[BlackElo "1900"]
[PlyCount "67"]
[EventDate "2012.04.??"]
[EventType "swiss"]
[EventRounds "5"]
[EventCountry "GER"]
[WhiteTeam "Bamberg 1868 SC "]
[BlackTeam "Büchenbach/Roth SG"]

1. e4 c5 2. Nf3 Nc6 3. d3 d6 4. g3 g6 5. Bg2 Bg7 6. Nbd2 Nf6 7. O-O O-O 8. Re1
e5 9. a4 Ne8 10. c3 Rb8 11. Nc4 f5 12. b4 b6 13. b5 Ne7 14. Ne3 Nc7 15. c4 Ne6
16. Nd5 Nxd5 17. cxd5 fxe4 18. dxe4 Nd4 19. Nxd4 cxd4 20. Bd2 Rb7 21. Rc1 Rc7
22. Rxc7 Qxc7 23. Qb3 Qf7 24. f3 Rd8 25. Rc1 Qb7 26. Qc4 Rf8 27. Qc7 Qxc7 28.
Rxc7 a6 29. Bg5 Re8 30. Bf1 a5 31. Bg2 Bf8 32. Bf1 Bg7 33. Bd3 h6 34. Bd2 1-0

[Event "Erlanger BSGW-Open 2012 30rd"]
[Site "Erlangen/Eltersd.(30.3.-1.4)"]
[Date "2012.03.31"]
[Round "3.11"]
[White "Mann, Johannes"]
[Black "Walter, Thomas(78)"]
[Result "0-1"]
[WhiteElo "1840"]
[BlackElo "2055"]
[PlyCount "75"]
[EventDate "2012.04.??"]
[EventType "swiss"]
[EventRounds "5"]
[EventCountry "GER"]
[WhiteTeam "Forchheim SC"]
[BlackTeam "Erlangen 48/88 SC"]

1. e4 c5 2. Nc3 Nc6 3. g3 Rb8 4. Bg2 b5 5. f4 e6 6. Nf3 h5 7. O-O Nd4 8. Nxd4
cxd4 9. Ne2 h4 10. g4 d3 11. cxd3 h3 12. Bf3 Bc5+ 13. d4 Bxd4+ 14. Nxd4 Qb6 15.
Qe2 Qxd4+ 16. Kh1 Ne7 17. d3 Nc6 18. Be3 Qb4 19. Qf2 Qa5 20. e5 Bb7 21. d4 Ne7
22. Bxb7 Rxb7 23. Rfc1 Rc7 24. Kg1 Rxc1+ 25. Bxc1 b4 26. Bd2 Qd5 27. Rc1 Nc6
28. Be3 Rh4 29. Qg3 g5 30. Rc2 Qe4 31. Rd2 Rxg4 32. Qxg4 Qxe3+ 33. Rf2 Nxd4 34.
Qd1 g4 35. Kf1 Qe4 36. Kg1 Qe3 37. Kf1 Nf3 38. Rxf3 0-1

[Event "Erlanger BSGW-Open 2012 30rd"]
[Site "Erlangen/Eltersd.(30.3.-1.4)"]
[Date "2012.03.31"]
[Round "3.12"]
[White "Bolduan, Sebastian"]
[Black "Glatz, Juergen"]
[Result "1/2-1/2"]
[WhiteElo "2025"]
[BlackElo "1859"]
[PlyCount "35"]
[EventDate "2012.04.??"]
[EventType "swiss"]
[EventRounds "5"]
[EventCountry "GER"]
[WhiteTeam "Nürnberg Noris-Tarr. SC"]
[BlackTeam "Friedrichshofen VfB"]

1. e4 e5 2. Nf3 Nc6 3. Bb5 Nf6 4. O-O Nxe4 5. Re1 Nd6 6. Bxc6 dxc6 7. Nxe5 Be7
8. b3 O-O 9. Bb2 Nf5 10. Nc3 Bd6 11. Ne4 Re8 12. Nf3 Bd7 13. d4 Bf8 14. Qd2 f6
15. Rad1 Be6 16. c4 Nd6 17. Ng3 Bf7 18. Rxe8 1/2-1/2

[Event "Erlanger BSGW-Open 2012 30rd"]
[Site "Erlangen/Eltersd.(30.3.-1.4)"]
[Date "2012.03.31"]
[Round "3.13"]
[White "Bilchinski, Anton"]
[Black "Wittmann, Helmut"]
[Result "1/2-1/2"]
[WhiteElo "1864"]
[BlackElo "2022"]
[PlyCount "86"]
[EventDate "2012.04.??"]
[EventType "swiss"]
[EventRounds "5"]
[EventCountry "GER"]
[WhiteTeam "Göggingen SK"]
[BlackTeam "Erlangen BSGW"]

1. d4 Nf6 2. c4 e6 3. Nc3 Bb4 4. e3 b6 5. Nge2 Bb7 6. a3 Bxc3+ 7. Nxc3 O-O 8.
d5 Qe7 9. Be2 exd5 10. cxd5 Qe5 11. Bf3 Ba6 12. Qd2 d6 13. b4 Bc4 14. Bb2 a5
15. Rc1 Qf5 16. Qd4 axb4 17. axb4 b5 18. Ne4 Nbd7 19. Ng3 Qd3 20. Qxd3 Bxd3 21.
Rxc7 Ra2 22. Bd4 Ne5 23. Bxe5 dxe5 24. Rc5 e4 25. Be2 Nd7 26. Rc1 Ne5 27. Bd1
Rb2 28. f3 Nc4 29. fxe4 Nxe3 30. Bf3 f5 31. Nxf5 Nxf5 32. exf5 Bc4 33. Kd1 Bb3+
34. Ke1 Re8+ 35. Kf1 Bc4+ 36. Kg1 Rf8 37. d6 Kf7 38. Bh5+ g6 39. fxg6+ hxg6 40.
Bg4 Rxb4 41. h3 Rd8 42. d7 Be6 43. Rf1+ Bf5 1/2-1/2

[Event "Erlanger BSGW-Open 2012 30rd"]
[Site "Erlangen/Eltersd.(30.3.-1.4)"]
[Date "2012.03.31"]
[Round "3.14"]
[White "Spiegelhauer, Tilmann"]
[Black "Leidorf, Sebastian"]
[Result "0-1"]
[WhiteElo "1773"]
[BlackElo "1991"]
[PlyCount "88"]
[EventDate "2012.04.??"]
[EventType "swiss"]
[EventRounds "5"]
[EventCountry "GER"]
[WhiteTeam "Uttenreuth SC"]
[BlackTeam "Bergwinkel SV"]

1. d4 d5 2. c4 e6 3. Nc3 c5 4. cxd5 exd5 5. Nf3 Nc6 6. g3 Nf6 7. Bg2 Be7 8. O-O
O-O 9. Bg5 c4 10. Ne5 Be6 11. Nxc6 bxc6 12. b3 Qa5 13. Qc2 Rac8 14. bxc4 dxc4
15. Ne4 Qf5 16. Nxf6+ gxf6 17. Qxf5 Bxf5 18. Bh6 Rfd8 19. e4 Bg4 20. f3 Be6 21.
Be3 f5 22. Bh3 fxe4 23. Bxe6 fxe6 24. fxe4 c5 25. dxc5 Rd3 26. Kf2 Bxc5 27.
Bxc5 Rxc5 28. Rfd1 Ra3 29. Rd2 Rca5 30. Rc2 R5a4 31. Ke1 Kf7 32. Rac1 Re3+ 33.
Kf2 Rxe4 34. Kf3 Rd4 35. Rc3 e5 36. Ke3 Ke6 37. R1c2 Kd5 38. h3 e4 39. Rb2 Rd3+
40. Rxd3+ exd3 41. Rb5+ Kc6 42. Rb2 Kc5 43. Rf2 Ra6 44. Rf5+ Kb4 0-1

[Event "Erlanger BSGW-Open 2012 30rd"]
[Site "Erlangen/Eltersd.(30.3.-1.4)"]
[Date "2012.03.31"]
[Round "3.15"]
[White "Hohner, Karl-Heinz"]
[Black "Sponheim, Marko"]
[Result "0-1"]
[WhiteElo "1786"]
[BlackElo "2016"]
[PlyCount "80"]
[EventDate "2012.04.??"]
[EventType "swiss"]
[EventRounds "5"]
[EventCountry "GER"]
[WhiteTeam "Kronacher SK"]
[BlackTeam "Mettmann-Sport"]

1. f4 c5 2. Nf3 Nc6 3. e4 d5 4. exd5 Qxd5 5. Nc3 Qd8 6. Bc4 Nf6 7. d3 e6 8. O-O
Be7 9. Qe2 O-O 10. Ne4 Nd5 11. c3 Qc7 12. g3 Re8 13. Bb3 b6 14. Ba4 f6 15. a3
Bb7 16. c4 Bf8 17. Nf2 Nde7 18. Qxe6+ Kh8 19. Re1 Red8 20. Qg4 Bc8 21. Qh5 Nf5
22. g4 g6 23. Qh3 Nfd4 24. Be3 Bb7 25. Bd1 Bg7 26. Rb1 a5 27. Qg3 f5 28. g5 Ne6
29. h4 Re8 30. Ba4 Re7 31. h5 Kg8 32. Nh4 Kf7 33. h6 Bh8 34. Nf3 Rd8 35. Bc2
Rde8 36. Bd2 Kf8 37. Kf1 Rd8 38. Nh3 Ba8 39. Bc3 Ncd4 40. Bd1 Nxf3 0-1